Najviac dvojičiek žije v Starej Ľubovni

Bibliographic Details
Main Author: Rindoš, Peter (Author, Photographer)
Format: Article
Language:Slovak
PhysicalDescription:Fotogr.
ISSN:1335-7573
Subjects:

MARC

LEADER 00000nab a2200000 ar4500
001 vtls008985748
003 SK-MaSNL
005 20260303065432.0
008 070503c20070402xo dr|n|||||||000 b|slo
015 |a SLLK2006  |2 sllk 
038 |a SLLK 
040 |a SLLK  |b slo  |c sllk  |e AACR2 
041 0 |a slo 
044 |a xo  |c SK 
080 |a 314.36  |2 1997 
100 1 |a Rindoš, Peter  |4 pht  |4 aut  |9 668686 
245 1 0 |a Najviac dvojičiek žije v Starej Ľubovni  |c Peter Rindoš ; ilustračné foto: autor 
300 |b Fotogr. 
648 7 |a 2007  |2 snkbucl  |9 313226 
650 0 7 |a dvojičky  |2 snkbucl  |9 4907 
651 7 |a Stará Ľubovňa (Slovensko)  |2 snkbucl  |9 19193 
773 0 |t Tatranský denník Korzár  |g Roč. IX, č. 77 (2. 4.2007) s. 1  |x 1335-7573 
852 |a SLLK  |b KIS3GCP 
999 |c 1751184  |d 1753114